21 Ways Not to Give In to 'Hate' Quiz Stats

Quiz Updated Jun 15, 2016

Challenge
Share
Tweet
Embed
Score 0/21 Timer 01:30
0 Plays Today
% Correct
Mate
97.5%
Late
96.9%
Date
95.9%
Bate
95.9%
Fate
95.7%
Rate
95.3%
Gate
94.6%
Pate
93.6%
Sate
93.1%
Cate
91.9%
Tate
87.2%
% Correct
Hale
81.5%
Hare
77.1%
Hade
71.4%
Hame
70.1%
Have
67.4%
Hyte
64.6%
Haze
61%
Hake
60.8%
Hats
58%
Hath
52.5%

You're not logged in!

Compare scores with friends on all Sporcle quizzes.
Join for Free
OR
Log In

You Might Also Like...

Show Comments

Extras

Top Quizzes Today


Score Distribution

Your Account Isn't Verified!

In order to create a playlist on Sporcle, you need to verify the email address you used during registration. Go to your Sporcle Settings to finish the process.

Report this User

Report this user for behavior that violates our Community Guidelines.

Details: